minecraft-devine le mob - Statistiques

Statistiques générales
  • Ce quiz a été pris 79 fois
  • Le résultat moyen est 6 sur 10
Statistiques - réponses
Hint Réponse % Correct
le noire qui faut pas regardé dans les yeux enderman
98%
l'arabe qui t'explose a la tete creeper
97%
il faut battre à la fin ... ender dragon
70%
l'americain qui defent des pnj golem de fer
69%
pnj qui te trade des itemes villageois
58%
le vermicelle qui t'embete quand tuest dans l'end endermite
56%
l'autre noire qui te donne des effetsbizzare dans le nether wither squelette
56%
... sa pote alex
48%
le truc qu'aime pas l'arabe dans le nether piglin
47%
tu incarne ... I...am steve
0%
Aucun quiz correspondant
Distribution des résultats
% des personnes avec chaque résultat
Percentile par nombre de réponses
Votre historique - résultats
Vous n’avez pas pris ce quiz